Score 0/22 Timer 02:00
0 Plays Today
Movie Title Missing Word % Correct
High School ____Musical
93.1%
____ of Waverly Place: The MovieWizards
89.6%
Zenon: Girl of the 21st ____Century
83.8%
The ____ of the IrishLuck
83.4%
Read It and ____Weep
79.7%
Camp ____Rock
79%
The Even ____ MovieStevens
78.7%
Princess ____ ProgramProtection
69.9%
Halloweentown II: Kalabar's ____Revenge
63.6%
____ KellyCadet
62.2%
____ In!Jump
56.7%
Movie Title Missing Word % Correct
Get a ____Clue
55.2%
Wendy Wu: ____ WarriorHomecoming
51.3%
The ____ GirlsCheetah
50.4%
Halloweentown ____High
48.4%
____ HouseSmart
46.8%
Gotta ____ It Up!Kick
41.9%
The Color of ____Friendship
41.5%
Stuck in the ____Suburbs
41.4%
Johnny ____Tsunami
36.4%
The ____ YearThirteenth
33.7%
Phantom of the ____Megaplex
23.7%

Today's Daily Dose

Missing Word
'T' Pairs

Word Ladder
Game Pieces

Get the Picture
Baseball Movies

Remove Ads.
Support Sporcle.
Get the best of Sporcle when you Go Orange. This ad-free experience offers more features, more stats, and more fun while also helping to support Sporcle. Thank you for becoming a member.

You're not logged in!

Compare scores with friends on all Sporcle quizzes.
OR
Log In

Show Comments

Extras

Top Quizzes Today


Score Distribution

Your Account Isn't Verified!

In order to create a playlist on Sporcle, you need to verify the email address you used during registration. Go to your Sporcle Settings to finish the process.

Report this User

Report this user for behavior that violates our Community Guidelines.

Details: